A Clicka'ble' Quiz Stats

 Plays Quiz Updated Mar 31, 2016

Score 0/30 Timer 06:00
8 Plays Today
% Correct
Gamble
94%
Bubble
93.9%
Mumble
93.7%
Scribble
93.6%
Soluble
93.3%
Dribble
92.9%
Crumble
92.8%
Stubble
92.7%
Double
92.7%
Gobble
92.3%
Preamble
91.9%
Nibble
91.9%
Humble
91.6%
Fumble
91.5%
Tremble
91.4%
% Correct
Ruble
91.4%
Squabble
91.2%
Thimble
91.1%
Kibble
91%
Pebble
90.9%
Treble
90.8%
Marble
90.7%
Resemble
90.4%
Assemble
90%
Feeble
90%
Noble
89.8%
Wobble
89.2%
Ensemble
88.9%
Nimble
88.2%
Unscramble
82%

You're not logged in!

Compare scores with friends on all Sporcle quizzes.
OR
Log In

Show Comments

Extras

Top Quizzes Today


Score Distribution

Your Account Isn't Verified!

In order to create a playlist on Sporcle, you need to verify the email address you used during registration. Go to your Sporcle Settings to finish the process.

Report this User

Report this user for behavior that violates our Community Guidelines.

Details: